Statistics for 1780's general knowledge

Click here to take the quiz!

General Stats

  • This quiz has been taken 37 times
  • The average score is 9 of 15

Answer Stats

Hint Answer % Correct
Enceladus and Mimas, two of this planets 62 moons, are discovered.Saturn
90%
This prison was stormed marking the beginning of the French RevolutionBastille
87%
This state was first to ratify the United States Constitution.Delaware
84%
This famous traitor gave detailed plans of West Point before fleeing back to Great Britain.Benedict Arnonld
81%
This mountain, which meets at the intersection Switzerland, Italy, and France, is first summited.Mont Blanc
81%
This Romanov leader ruled Russia.Catherine the Great
68%
Ben Franklin invented these optical devices.Bi-focals
68%
This Washington D.C. university is founded.Georgetown
65%
The Continental Congress passed this set of rules which preceded the Constitution.The Articles of Confederation
55%
This treaty formally ended the Revolutionary War.Treaty of Paris
55%
This period of literature began and lasted until 1832.Romantic Period
42%
This Mozart oprera, which continues the plot of The Barber of Seville, debutsThe Marriage of Figaro
35%
Jacques-Louis David completed this painting lamenting the passing of an ancient Greek philosopher.The Death of Socrates
29%
He led a rebellion of debt ridden Massachusetts' farmers.Daniel Shay
26%
This French philosopher and author of Encyclop├ędie died.Denis Diderot
16%

Score Distribution

Percentile by Number Answered

Percent of People with Each Score

Your Score History

You have not taken this quiz